Quizzes
Events
Quiz Creation
Community
Videos
Private Events
Remove Ads
Sign In
Join for FREE
Feedback
Dark Mode
Quiz Categories
Sports
Geography
Music
Movies
Television
Just For Fun
Miscellaneous
History
Literature
Language
Science
Gaming
Entertainment
Religion
Holiday
For Kids
Quiz Lab
Recent
Popular Today
Quiz Kudos Today
Editor Picks
Curator Picks
Quizzes by...
Day
Popularity
Type
Ratings
Length
Year
Community
Subscriptions
Recent Discussions
Orange Saloon
Badges
Playlists
Quests
Create
Leaderboards
Showdown
Live 5
Trivia Bingo
Activity
Puzzle Library
Sporcle Events
Private Events
Virtual Trivia
Globe League
Become a Host
Pub Owners
SporcleCon
Opinionation
Our Games
Videos
Blog
Mobile Apps
Partnerships
Remove Ads and Go Orange
Feedback
History
US Presidents
World Leaders
Politics
Nation
Discovery
War
Decade
Year
Century
Biography
Art
History
US Presidents
World Leaders
Politics
Nation
Discovery
War
Decade
Year
Century
Biography
Art
Random Quiz
Search Sporcle
×
Quiz Lab
Quiz Lab
History
greatest
Type in answers that appear in a list
Type in answers that appear in a list
Classic
Best Score? Go Orange.
Top 25 Greatest Americans Stats
Can you name the Top 25 Greatest Americans according to Discovery Channel?
By
VitorBH
4m
25 Questions
4,867 Plays
4,867 Plays
4,867 Plays
Comments
Comments
Give Quiz Kudos
Give Quiz Kudos
-
- Ratings
hide this ad
Replay
Link that replays current quiz
Next Quiz
Link to next quiz in quiz playlist
You Got
0%
They Got
Avg Score
84%
Avg Friend Score
Upgrade to see
Score Distribution
Jump to the score distribution portion of the page
Score
0/25
Timer
04:00
0
Plays Today
Life Dates
American
% Correct
1732-
1799
George Washington
98.9%
1809-
1865
Abraham Lincoln
98.4%
1946-
Present
George W. Bush
97.8%
1946-
Present
Bill Clinton
97.3%
1929-
1968
Martin Luther King, Jr
96.5%
1911-
2004
Ronald Wilson Reagan
96.2%
1743-
1826
Thomas Jefferson
94.9%
1884-
1962
Eleanor Roosevelt
94.5%
1882-
1945
Franklin Delano Roosevelt
94.4%
1930-
Present
Neil Alden Armstrong
94.4%
1863-
1947
Henry Ford
94.2%
1971-
Present
Lance Armstrong
94%
1955-
Present
Bill Gates
93.4%
Life Dates
American
% Correct
1879-
1955
Albert Einstein
90.8%
1917-
1963
John F. Kennedy
90%
1942-
Present
Muhammad Ali
90%
1706-
1790
Benjamin Franklin
88.1%
1871-
1948,1867-
1912
The Wright Brothers (Orville and Wilbur)
84.1%
1901-
1966
Walt Disney
82.9%
1913-
2005
Rosa Parks
78.8%
1847-
1931
Thomas Alva Edison
69.4%
1935-
1977
Elvis Presley
67.5%
1903-
2003
Bob Hope
47.1%
1954-
Present
Oprah Winfrey
46.1%
1918-
Present
Billy Graham
43.4%
Quiz Playlist
Details
Report
Send in Message
Add To Playlist
Classic:
Type in answers that appear in a list
Quiz Source
Last Updated: Feb 16, 2017
Quiz Scoreboard
CHALLENGE
Sign Up to Join the Scoreboard
Show All
Scores
Hide
Comments
May contain spoilers
Recently Published
Presidents Visiting Landmarks
by Hejman
History
7m
An Introduction to Baseball
by treessimontrees
Sports
5m
Movies - When Are They Set?
by FPL_Elf
Movies
5m
More to Explore
Quiz From the Vault
Featured Blog Post
Where Did the Easter Bunny Come From?
hide this ad
You Might Also Like...
Tags
America
channel
Discovery Channel
greatest
life
occupation
Top 25
Today's Top Quizzes in History
Browse History
hide this ad
Today's Top Quizzes in greatest
Browse greatest
Top Contributed Quizzes in History
1
Popular People in 1991
2
Popular People in 1981
3
Popular People in 1951
4
Popular People in 1941
5
Popular People in 1986
6
Popular People in 1976
7
Popular People in 1921
8
I Am Born On March 28th
9
Popular People in 1946
10
Popular People in 1936
Explore More
Trending Topics
Harry Potter
NBA
Kpop
Anime
Marvel
Disney
Crossword
The Office
Country
NFL
Song
Puzzle
Pokémon
Soccer
WWE
hide this ad
More By:
VitorBH
Quiz
Plays
Rating
Category
Featured
Created
Top 25 Greatest Americans
4,867
2.31
History
Mar 27, 2010
Top 50 cities: Quality of living ranking
2,991
3.86
Geography
May 26, 2010
Urban Population (%) 2010
2,861
4.32
Geography
Mar 30, 2010
100 Greatest Britons
2,859
3.56
History
Mar 26, 2010
1950 Most Populated Countries
1,575
2.65
Geography
Mar 30, 2010
Go to Creator's Profile
Score Distribution
Quiz Creator Spotlight
VitorBH
Follow
Send a Message
Quizzes Created
-
Created Quiz Play Count
-
More By This Creator
Popular Quizzes Today
1
Find the US States - No Outlines Minefield
2
Find the Countries of Europe - No Outlines Minefield
3
The Countries of the World
4
Find the US States
5
Popular People in 1961
6
US States
7
Risky Map Clicking: Biggest States A-Z
8
1-10 Letter E Words III
More History Quizzes
Quick Pick: Cause of Death - Great Painters
Quiz Lab
Trending Quizzes
Risky Map Clicking: Least Populous States A-Z
1-10 Letter G Words
1-10 Letter F Words
One Thing in Common: United Kingdom
Risky Map Clicking: Next State Alphabetically
Recently Updated
Leaping Animals
pecheneg
Reality TV Shows (A-Z)
bhenderson79
Rickey Henderson's Hall of Fame Teammates
pecheneg
Champions League XIs: Arsenal
pecheneg
Quick Pick: Celebrities in WWE's Hall of Fame
aduchscher
A-Z Keypad Blitz II
pecheneg
Multiple Oscar Actors
pecheneg
Mystery Phrase Blitz: Oscar 'Best Actors'
pecheneg
F. Scott Fitzgerald Novels
LTH
Pick 3 Villains
ddd62291
Trending Topics
Marvel
Harry Potter
Kpop
Anime
Crossword
NBA
Disney
NFL
Pokémon
WWE
Puzzle
Soccer
The Office
Country
Song
Your Account Isn't Verified!
In order to create a playlist on Sporcle, you need to verify the email address you used during registration. Go to your
Sporcle Settings
to finish the process.
Report this User
Report this user for behavior that violates our
Community Guidelines
.
Details:
Send Report
Go to the Sporcle.com Mobile Site →
Comments